00864cam a22002531 4500001001300000003000400013005001700017008004100034010001700075025001900092040001800111041001100129050001800140100001800158245011800176250001400294260007200308300002300380440007000403504005300473650003200526700003500558999001700593sa 68001038 DLC20260227112429.0710903s1965 ii b 000 0 eng  asa 68001038  aPL480:I-E-6767 aDLCcDLCdDLC1 aengsan00aPK541b.B48130 aBhartṛhari.14aThe Vākyapadīya of Bhartṛhari,bwith the Vṛtti;cchapter I. English translation by K. A. Subramania Iyer. a[1st ed.] aPoonab[Deccan College, Postgraduate and Research Institute]c1965. axl, 136 p.c22 cm. 0aDeccan College building centenary and silver jubilee series ;v26 a"Bibliography and abbreviations": p. [xxxix]-xl. 0aSanskrit languagexGrammar.1 aSubramania Iyer, K. A.,d1896- c77657d77657